Chile 1972: desde El Arrayán hasta el Paro de Octubre
Guardat en:
| Autor principal: | |
|---|---|
| Format: | Llibre |
| Idioma: | espanyol |
| Publicat: |
Santiago
Ediciones Universidad Alberto Hurtado
2013
|
| Edició: | 1a. ed |
| Col·lecció: | Memoria a 40 Años, 3
|
| Matèries: | |
| Etiquetes: |
Afegir etiqueta
Sense etiquetes, Sigues el primer a etiquetar aquest registre!
|
MARC
| LEADER | 00000cam a2200000 a 4500 | ||
|---|---|---|---|
| 001 | UCD5165 | ||
| 003 | CL-VaPUC | ||
| 008 | 160811e20130000cl |||||||||||||||||spa|d | ||
| 020 | |a 9789569320491 | ||
| 082 | 0 | 4 | |a 983.0646 |b MIL |2 21 |
| 100 | |a Milos Hurtado, Pedro |e autor |9 588895 | ||
| 245 | 1 | 0 | |a Chile 1972: desde El Arrayán hasta el Paro de Octubre |
| 250 | |a 1a. ed | ||
| 300 | |a 235 p | ||
| 942 | |c BK | ||
| 945 | |d 20160811 17:41:00 |a dcastane | ||
| 260 | |a Santiago |b Ediciones Universidad Alberto Hurtado |c 2013 | ||
| 600 | 0 | |a Allende Gossens, Salvador, |d 1908-1973 |9 257222 | |
| 650 | 0 | |a Historia de Chile siglo 20 |9 268145 | |
| 650 | 0 | |a Unidad popular |9 317409 | |
| 650 | 7 | |a GOBIERNOS SOCIALISTAS |2 CL-VaPUC |9 516027 | |
| 583 | |a last modification |c 20160811 17:41:00 |k Rodrigo Vera | ||
| 490 | 0 | |a Memoria a 40 Años, 3 | |
| 999 | |c 365911 |d 365909 | ||
| 952 | |0 0 |1 0 |3 erb |4 0 |6 983_064600000000000_MIL_2013 |7 0 |8 A |9 479882 |a BIBHIS |b BIBHIS |i 5337135 |l 1 |o 983.0646 MIL 2013 |p 5337135 |r 2025-01-20 |s 2023-04-26 |w 2019-11-24 |y BK |z Catalogado en:20160811 |k HIS | ||